Breaking the chains : collective action for social justice among the rural poor in Bangladesh
Αποθηκεύτηκε σε:
| Κύριος συγγραφέας: | |
|---|---|
| Άλλοι συγγραφείς: | |
| Μορφή: | Βιβλίο |
| Γλώσσα: | English |
| Δημοσίευση: |
London :
Intermediate Technology Publications,
c1992
|
| Θέματα: | |
| Ετικέτες: |
Προσθήκη ετικέτας
Δεν υπάρχουν, Καταχωρήστε ετικέτα πρώτοι!
|
MARC
| LEADER | 00000nam a2200000 i 4500 | ||
|---|---|---|---|
| 001 | 1/104672 | ||
| 008 | 000316s1992 eng d | ||
| 020 | |a 1-85339-024-0 | ||
| 035 | |l 10058927 | ||
| 040 | |a GR-MY-UA |b gre |e aacr | ||
| 041 | 0 | |a eng | |
| 082 | 0 | |a 339.46095492 | |
| 100 | 1 | |a Kramsjo, Bosse. | |
| 245 | 1 | 0 | |a Breaking the chains : |b collective action for social justice among the rural poor in Bangladesh / |c Bosse Kramsjo and Geoffrey D. Wood ; with a foreword by Faru Ahmed |
| 260 | |a London : |b Intermediate Technology Publications, |c c1992 | ||
| 300 | |a 104 p. | ||
| 650 | 0 | 0 | |a Rural development |z Bangladesh. |
| 650 | 0 | 0 | |a Social change |z Bangladesh. |
| 650 | 0 | 0 | |a Rural poor |z Bangladesh. |
| 650 | 0 | 0 | |a Popular participation |z Bangladesh. |
| 700 | 1 | |a Wood, Geoffrey D. |d 1945- | |
| 852 | |a INST |b LESVOS |e 20000316 |h 339.46095492 KRA |p 005100020301 |q 005100020301 |t BK |y 0 | ||
| 901 | |a BIBL1-2000-1 | ||
| 909 | |a Λ |b 070399 | ||
| 922 | |a 1ΕΛΗ |b 199911 |c ΚΠΣ/ΤΓ |d LEADER | ||
| 950 | |a 118-1999-09-03 | ||
| 970 | |a ΜΟΥΣΤΑΚΑ |b ΠΗΝΕΛΟΠΗ |z 2000/04/10 | ||